Normal view
MARC view
- H.E. Roome
Entry Personal Name
001 - CONTROL NUMBER
- control field: 41892
003 - CONTROL NUMBER IDENTIFIER
- control field: NUST
005 - DATE AND TIME OF LATEST TRANSACTION
- control field: 20210314132151.0
008 - FIXED-LENGTH DATA ELEMENTS
- fixed length control field: 210314|| aca||aabn | a|a d
040 ## - CATALOGING SOURCE
- Original cataloging agency: NUST
- Transcribing agency: NUST
100 ## - HEADING--PERSONAL NAME
- Personal name: H.E. Roome
670 ## - SOURCE DATA FOUND
- Source citation: Work cat.: (NUST): H.E. Roome, A permanent compendium of army instruction (India), 1941
